Medicinal and Aromatic Plants

Enregistré dans:
Détails bibliographiques
Auteurs principaux: Tetenyi, P (Auteur), Mathe, A (Auteur)
Format: Livre
Langue:anglais
Publié: Wageningen ISHS 1992
Collection:Acta Horticulturae, 306
Sujets:
Tags: Ajouter un tag
Pas de tags, Soyez le premier à ajouter un tag!

MARC

LEADER 00000nam a2200000 a 4500
001 UCY1569
003 CL-VaPUC
005 20220824074410.0
008 940907e19920000ne 1 eng d
082 0 4 |a 633.88  |b TET  |2 21 
100 1 |a Tetenyi, P  |e author  |9 617060 
700 1 |a Mathe, A  |e author  |9 617061 
245 1 0 |a Medicinal and Aromatic Plants 
246 1 0 |a Horticultural 
260 |a Wageningen  |b ISHS  |c 1992 
300 |a 481 p 
490 0 |a Acta Horticulturae, 306 
583 |a last modification  |c 20190821 09:33:10  |k Rodrigo Vera 
650 0 0 |a Horticultura  |9 259721 
650 0 0 |a Congresos  |9 257560 
650 0 0 |a Plantas medicinales  |9 334373 
942 |c BK 
945 |a mfernand  |d 19940907 00:00:00 
546 |a En Inglés 
536 |a ISHS 
518 |p International Horticultural Congress, 23, Florence, 1990 
518 |p International Symposium on Medicinal and Aromatic Plants, 1, Budapest, 1990 
999 |c 382278  |d 382276